Iggy Azalea: Complete Discography - Statistics

General Stats
  • This quiz has been taken 16 times
  • The average score is 49 of 120
Answer Stats
Album Song % Correct
The New Classic Black Widow
90%
Reclassified Bounce
90%
The New Classic Fancy
90%
Duets / Collaborations Pretty Girls
90%
Survive The Summer Survive The Summer
90%
In My Defense Just Wanna
80%
Survive The Summer Kream
80%
The End Of An Era (Bonus) Sip It
80%
In My Defense Started
80%
The New Classic Work
80%
Reclassified Beg For It
70%
The End Of An Era Brazil
70%
In My Defense Fuck It Up
70%
Glory Glory
70%
The End Of An Era Iam The Stripclub
70%
Reclassified Iggy SZN
70%
Wicked Lips Lola
70%
Features Problem
70%
Ignorant Art Pussy
70%
In My Defense Sally Walker
70%
The New Classic Change Your Life
60%
In My Defense Clap Back
60%
The End Of An Era Day 3 In Miami / End Of An Era
60%
The End Of An Era Emo Club Anthem
60%
The New Classic Fuck Love
60%
Reclassified Heavy Crown
60%
Survive The Summer Kawasaki
60%
Singles Mo Bounce
60%
The End Of An Era (Bonus) Posh Spice
60%
In My Defense Pussy Pop
60%
In My Defense Spend It
60%
The End Of An Era STFU
60%
Singles Team
60%
Wicked Lips The Girls
60%
Survive The Summer Tokyo Snow Trip
60%
Reclassified Trouble
60%
The New Classic Walk The Line
60%
Reclassified We In This Bitch
60%
In My Defense Big Bag
50%
Features Booty
50%
In My Defense Freak Of The Week
50%
The New Classic Goddess
50%
Survive The Summer Hey Iggy
50%
In My Defense Hoemita
50%
The New Classic Impossible Is Nothing
50%
Features Kingdom Come
50%
The New Classic Lady Patra
50%
Singles Money Come
50%
Ignorant Art My World
50%
The New Classic New Bitch
50%
The End Of An Era Nights Like This
50%
Survive The Summer OMG
50%
The End Of An Era Peach Body
50%
Wicked Lips Personal Problem
50%
The End Of An Era Pillow Fight
50%
Reclassified Rolex
50%
Duets / Collaborations Savior
50%
The End Of An Era Sirens
50%
In My Defense Thanks I Get
50%
The New Classic 100
40%
Ignorant Art Hello
40%
The End Of An Era Is That Right
40%
The New Classic (Bonus) Just Askin'
40%
The End Of An Era Woke Up / Diamonds
40%
The End Of An Era XXXTRA
40%
Features Beat Down
30%
In My Defense Comme Des Garçons
30%
The New Classic Don't Need Y'all
30%
Glory Millionaire Misfits
30%
Glory Murda Bizness
30%
Wicked Lips Not Important
30%
The End Of An Era (Bonus) N.Y.E.
30%
Glory Runway
30%
The End Of An Era Sex On The Beach
30%
Duets / Collaborations Switch
30%
TrapGold 1 800 BONE
20%
TrapGold Back 2 Tha Future / My Time
20%
Ignorant Art Backseat
20%
Features Best Friend
20%
Soundtracks Boom Boom
20%
Features Boys Like You
20%
Features Cum
20%
Duets / Collaborations Dance Like Nobody's Watching
20%
TrapGold Demons
20%
Ignorant Art Dirt In Your Pussy Ass Bitch
20%
TrapGold Down South
20%
Ignorant Art Drop That Shit
20%
Glory Flash
20%
TrapGold Flexin' & Finessin'
20%
Soundtracks Go Hard Or Go Home
20%
TrapGold Golddust
20%
The End Of An Era Good Times With Bad People
20%
TrapGold Intro / Dali
20%
TrapGold Quicktime
20%
TrapGold Slo
20%
Ignorant Art The Last Song
20%
Ignorant Art Treasure Island
20%
TrapGold Yo El Ray
20%
Ignorant Art You
20%
Features Acting Like That
10%
Features Boss Lady
10%
Features Can't Lose
10%
Features Chasin Me
10%
Features G.U.N.S.
10%
Features He Ain't Goin' Nowhere
10%
Features Hell You Sayin'
10%
Features High Level
10%
Features Hustle Gang
10%
Features I Think She Ready
10%
Duets / Collaborations Knock Yourself Out
10%
Features Light As A Feather
10%
Features Mediocre
10%
Features Million Dollar Dream
10%
Features Mo Flow
10%
Features Murcielago
10%
Glory My Myself, My Money
10%
Features Raise Your Weapon
10%
Features Tonight / It's A Party
10%
Features We Go Hard
10%
Features Wickedest Style
10%
No matching quizzes found
Score Distribution
Percent of People with Each Score
Percentile by Number Answered
Your Score History
You have not taken this quiz